Songs and rhymes

Bibliographic Details
Main Author: Law, Felicia
Format: Book
Published: London : Marshaal Direct learning Ltd , 1998
Subjects:

MARC

LEADER 00000cam a2200000 7i4500
001 0000065113
005 20231101154948.0
008 070731
020 |a 1840281189 
090 0 0 |a EL   |b ENG 
100 0 |a Law, Felicia 
245 1 0 |a Songs and rhymes   |c Felicia Law 
260 |a London :   |b Marshaal Direct learning Ltd ,   |c 1998 
500 |a Children age 4-6 years old (yellow) 
650 0 |a Nursery Rhymes 
999 |a 0000020475   |b Book   |c Children Collection   |e Cawangan Taman Universiti 
999 |a 0001739316   |b Book   |c Children Collection   |e Cawangan Bandar Penawar